00931nam a2200241Ia 4500003000900000008004100009040001600050080002400066100002900090245014100119250001200260260006800272300002300340490003700363650004100400650003600441650003600477700002600513700002700539942000700566999001500573952010100588IN-BaIIA211028s9999 xx 000 0 eng d cIIA Library a083.8:52-76bGEZ-II aGezari, Daniel Y.915296 0aCatalog of infrared observationsbpt. IIcDaniel Y. Gezari, Marion Schmitz and Jaylee M. Mead  a2nd ed. aWashingtonbNational Aeronautics and Space Administrationc1987 a[various pagings.] aNASA reference publication; 1196 aAstronomy and Astrophysics Thesaurus aCatalogue-Infrared observations aInfrared observations catalogue aMead, Jaylee M915297 aSchmitz, Marion915295 cBK c9266d9266 00104070aBANbBANcGENd0000-00-00l0o083.8:52-76/ GEZ-IIp10173r2021-11-05w0000-00-00yBK